La colmena

Guardat en:
Dades bibliogràfiques
Autor principal: Cela, Camilo José
Format: Llibre
Idioma:Undetermined
Publicat: Barcelona, España Editorial Bruguera 1983
Edició:5
Matèries:
Etiquetes: Afegir etiqueta
Sense etiquetes, Sigues el primer a etiquetar aquest registre!

MARC

LEADER 00000nam a2200000Ia 4500
008 170316s9999 xx 000 0 und d
040 |a cru BVZT 
090 |a 862 C-33c 
100 |a Cela, Camilo José 
245 |a La colmena 
250 |a 5 
260 |a Barcelona, España  |b Editorial Bruguera  |c 1983 
300 |a 323 páginas 
650 |a LITERATURA ESPAÑOLA 
650 |a NOVELA 
942 0 0 |0 1 
999 |c 9658  |d 9658